000 00658nam a2200265Ia 4500
003 OSt
005 20140507101627.0
008 140130s9999 xx 000 0 und d
020 _a9780590847780
050 _aTH 9148
_b.M32 2003
100 _aMarzollo, Jean.
245 _cJean Marzollo.
_aI am fire /
260 _bScholastic Inc.,
_cc2003.
_aUSA :
300 _a29 p. :
_bcol. ill. ;
_c23 cm.
440 _v1
521 _aG1
526 _c160
650 _aFire prevention
_xJuvenile literature.
650 _aFire
_xJuvenile literature.
650 _a Fire.
942 _cBK
_2lcc
999 _c39897
_d39897